[Event "Ruhrgebiet Verbandsliga Gruppe 2 1819"]
[Site "Nordrheinwestfalen"]
[Date "2019.05.05"]
[Round "9.1"]
[White "Kraemer, Matthias"]
[Black "Renk, Christoph"]
[Result "1-0"]
[WhiteElo "2189"]
[BlackElo "1919"]
[PlyCount "41"]
[EventDate "2018.09.23"]
[EventType "team-tourn"]
[EventRounds "9"]
[EventCountry "GER"]
[SourceTitle "EXT 2022"]
[Source "ChessBase"]
[SourceDate "2021.10.06"]
[SourceVersion "1"]
[SourceVersionDate "2021.10.06"]
[SourceQuality "1"]
[WhiteTeam "Bochum SV II"]
[BlackTeam "Buer SF"]
[WhiteTeamCountry "GER"]
[BlackTeamCountry "GER"]

1. e4 e5 2. Nf3 Nf6 3. Nxe5 d6 4. Nf3 Nxe4 5. Nc3 Nxc3 6. dxc3 Be7 7. Be3 Nd7 8. Qd2 c6 9. c4 Ne5 10. Be2 Be6 11. b3 Nxf3+ 12. Bxf3 d5 13. Rd1 0-0 14. cxd5 Bxd5 15. Bxd5 cxd5 16. 0-0 Rc8 17. Qxd5 Qxd5 18. Rxd5 Rxc2 19. Rd7 Bc5 20. Rc7 b6 21. b4 1-0

[Event "BL2-West 1819"]
[Site "Germany"]
[Date "2019.03.24"]
[Round "8.8"]
[White "Juegel, Marcel"]
[Black "Kraemer, Matthias"]
[Result "1/2-1/2"]
[WhiteElo "2204"]
[BlackElo "2233"]
[PlyCount "118"]
[EventDate "2018.11.21"]
[EventType "team-tourn"]
[EventRounds "9"]
[EventCountry "GER"]
[SourceTitle "CBM 190 Extra"]
[Source "ChessBase"]
[SourceDate "2019.07.15"]
[SourceVersion "1"]
[SourceVersionDate "2019.07.15"]
[SourceQuality "1"]
[WhiteTeam "Aachen DJK II"]
[BlackTeam "Bochum SV"]
[WhiteTeamCountry "GER"]
[BlackTeamCountry "GER"]

1. d4 Nf6 2. Nc3 d5 3. Bf4 e6 4. Nb5 Na6 5. a3 c5 6. e3 Be7 7. c3 Qb6 8. a4 0-0 9. h3 Bd7 10. a5 Qd8 11. Nf3 c4 12. Na3 b5 13. Be2 b4 14. Nb1 Ne4 15. Nbd2 Nxd2 16. Nxd2 bxc3 17. bxc3 Nc7 18. 0-0 Nb5 19. Qc1 Bc6 20. e4 Rc8 21. exd5 exd5 22. Bg4 Bd7 23. Bxd7 Qxd7 24. Re1 Rfe8 25. Nf3 f6 26. Qc2 a6 27. Re2 Bd8 28. Rxe8+ Qxe8 29. Qf5 Qc6 30. Bd2 g6 31. Qg4 Rc7 32. Re1 Re7 33. Rxe7 Bxe7 34. h4 Kf7 35. h5 Qe6 36. Qf4 Qf5 37. hxg6+ hxg6 38. Qh6 g5 39. Qh5+ Qg6 40. Qg4 Nd6 41. Qd7 Qb1+ 42. Kh2 Qb7 43. Qh3 Kg7 44. Qe6 Ne4 45. Be1 Qc7+ 46. g3 Qd6 47. Qg4 Bd8 48. Nh4 Kf8 49. Nf5 Qe6 50. Qh3 Qd7 51. f3 Nd6 52. Qh8+ Kf7 53. Qh7+ Ke6 54. Ng7+ Kf7 55. Nf5+ Ke6 56. Ng7+ Ke7 57. Nf5+ Ke6 58. Ng7+ Ke7 59. Nf5+ Ke6 1/2-1/2

[Event "BL2-West 1819"]
[Site "Germany"]
[Date "2019.02.03"]
[Round "6.8"]
[White "Zolfagharian, Kevin"]
[Black "Kraemer, Matthias"]
[Result "1/2-1/2"]
[WhiteElo "2190"]
[BlackElo "2234"]
[PlyCount "61"]
[EventDate "2018.11.21"]
[EventType "team-tourn"]
[EventRounds "9"]
[EventCountry "GER"]
[SourceTitle "CBM 190 Extra"]
[Source "ChessBase"]
[SourceDate "2019.07.15"]
[SourceVersion "1"]
[SourceVersionDate "2019.07.15"]
[SourceQuality "1"]
[WhiteTeam "Solingen II"]
[BlackTeam "Bochum SV"]
[WhiteTeamCountry "GER"]
[BlackTeamCountry "GER"]

1. e4 c5 2. Nf3 g6 3. d4 cxd4 4. Nxd4 Bg7 5. c4 Nc6 6. Be3 Nf6 7. Nc3 0-0 8. Be2 d6 9. 0-0 Bd7 10. Qd2 Nxd4 11. Bxd4 Bc6 12. f3 a5 13. Rfc1 Nd7 14. Be3 Nc5 15. Rab1 Re8 16. b3 e6 17. Rc2 Be5 18. Bf1 Qh4 19. g3 Qf6 20. Bg2 Qe7 21. Ne2 Red8 22. Bg5 Bf6 23. Bxf6 Qxf6 24. Qd4 Qxd4+ 25. Nxd4 Kf8 26. Rd1 Ke7 27. Kf2 Rab8 28. Ke3 e5 29. Ne2 b5 30. cxb5 Rxb5 31. Rc4 1/2-1/2

[Event "Ruhrgebiet Verbandsliga Gruppe 2 1819"]
[Site "Nordrheinwestfalen"]
[Date "2018.12.02"]
[Round "4.3"]
[White "Fuest, Torsten"]
[Black "Kraemer, Matthias"]
[Result "1/2-1/2"]
[WhiteElo "1871"]
[BlackElo "2216"]
[PlyCount "69"]
[EventDate "2018.09.23"]
[EventType "team-tourn"]
[EventRounds "9"]
[EventCountry "GER"]
[SourceTitle "EXT 2022"]
[Source "ChessBase"]
[SourceDate "2021.10.06"]
[SourceVersion "1"]
[SourceVersionDate "2021.10.06"]
[SourceQuality "1"]
[WhiteTeam "Boenen SV"]
[BlackTeam "Bochum SV II"]
[WhiteTeamCountry "GER"]
[BlackTeamCountry "GER"]

1. d4 Nf6 2. Bf4 c5 3. e3 d5 4. c3 Nc6 5. Nd2 Bf5 6. Qb3 Qc8 7. dxc5 e5 8. Bg5 Ne4 9. Nxe4 Bxe4 10. f3 Bf5 11. Qxd5 Be6 12. Qd2 f6 13. Bh4 Bxc5 14. Bd3 Qc7 15. Bf2 0-0-0 16. Qe2 Rd7 17. Nh3 Rhd8 18. 0-0-0 Qa5 19. Bc4 Rxd1+ 20. Rxd1 Rxd1+ 21. Kxd1 Qa4+ 22. b3 Bxc4 23. bxa4 Bxe2+ 24. Kxe2 Kc7 25. Kd3 Kd6 26. e4 Nd8 27. Kc4 Ne6 28. a5 Kc6 29. Bxc5 Nxc5 30. Nf2 Ne6 31. Nd3 Kd6 32. Kb5 Nc7+ 33. Kc4 Ne6 34. Kb4 Kc6 35. Kc4 1/2-1/2

[Event "Oberliga NRW 1718"]
[Site "Germany"]
[Date "2018.04.08"]
[Round "8.8"]
[White "Kraemer, Matthias"]
[Black "Savchenko, Daniel"]
[Result "1/2-1/2"]
[WhiteElo "2195"]
[BlackElo "2111"]
[PlyCount "98"]
[EventDate "2017.09.17"]
[EventType "team-tourn"]
[EventRounds "9"]
[EventCountry "GER"]
[SourceTitle "EXT 2019"]
[Source "ChessBase"]
[SourceDate "2018.10.10"]
[SourceVersion "1"]
[SourceVersionDate "2018.10.10"]
[SourceQuality "1"]
[WhiteTeam "Bochum SV"]
[BlackTeam "Wuppertal Bahn"]
[WhiteTeamCountry "GER"]
[BlackTeamCountry "GER"]

1. e4 c5 2. b3 Nc6 3. Bb2 d5 4. exd5 Qxd5 5. Nc3 Qd8 6. Bb5 Bd7 7. Nf3 Nf6 8. 0-0 e6 9. Bxc6 Bxc6 10. Ne5 Qc7 11. f4 Be7 12. Qe1 Bd6 13. Qe2 a6 14. Rae1 0-0-0 15. Nxc6 Qxc6 16. Ne4 Be7 17. Ng5 Rhf8 18. d3 Nd5 19. Nxh7 Rh8 20. Ng5 c4 21. Qe4 c3 22. Bc1 Qb6+ 23. Kh1 Nf6 24. Qf3 Rdf8 25. Be3 Qc7 26. g3 Nd5 27. Bg1 Qd8 28. Ne4 Qa5 29. a4 Rh6 30. f5 Nc7 31. Bd4 Rfh8 32. Re2 e5 33. Bxc3 Bb4 34. Bxb4 Qxb4 35. Qg4 Kb8 36. Qxg7 Qd4 37. Qg5 Nd5 38. Qd2 Ne3 39. Qxe3 Rxh2+ 40. Rxh2 Rxh2+ 41. Kxh2 Qxe3 42. Rf2 Kc7 43. g4 Kd8 44. Kg2 Qh6 45. g5 Qh4 46. Kf1 Qh1+ 47. Ke2 Qc1 48. Kf3 Qf4+ 49. Kg2 Qg4+ 1/2-1/2

[Event "Ruhrgebiet Verbandsklasse Gruppe 2 1718"]
[Site "Germany"]
[Date "2018.02.04"]
[Round "6.1"]
[White "Sinnwell, Horst"]
[Black "Kraemer, Matthias"]
[Result "0-1"]
[WhiteElo "2063"]
[BlackElo "2195"]
[PlyCount "158"]
[EventDate "2017.09.17"]
[EventType "team-tourn"]
[EventRounds "9"]
[EventCountry "GER"]
[SourceTitle "EXT 2022"]
[Source "ChessBase"]
[SourceDate "2021.10.06"]
[SourceVersion "1"]
[SourceVersionDate "2021.10.06"]
[SourceQuality "1"]
[WhiteTeam "Bochum SV II"]
[BlackTeam "Bochum SV II"]
[WhiteTeamCountry "GER"]
[BlackTeamCountry "GER"]

1. Nf3 d5 2. c4 d4 3. e3 Nc6 4. exd4 Nxd4 5. d3 Nh6 6. Be3 Nhf5 7. Nxd4 Nxd4 8. Nd2 g6 9. Nb3 Bg7 10. Nxd4 Bxd4 11. Qd2 b6 12. Be2 Bb7 13. 0-0 0-0 14. Rac1 c5 15. b4 Rc8 16. bxc5 Rxc5 17. Bxd4 Qxd4 18. Qe3 Rd8 19. Qxd4 Rxd4 20. f3 e5 21. Kf2 f5 22. Rfd1 Kf7 23. Rc2 Bc6 24. Rb2 Ke6 25. g3 Kd6 26. Ke3 g5 27. Rdb1 Be8 28. Rf1 f4+ 29. Kf2 Bg6 30. Rb3 Be8 31. Ra3 Rc7 32. Rh1 Ke6 33. g4 Bg6 34. h4 gxh4 35. Rxh4 Rcd7 36. Rh1 Kf6 37. Rd1 Kg5 38. Rb3 Rc7 39. Rb5 Kf6 40. Rb3 Rcd7 41. Rc3 Rc7 42. Ra3 Ke7 43. Rb3 Kd6 44. Rh1 Rc5 45. Ra3 Ra5 46. Rxa5 bxa5 47. Rd1 Kc5 48. Ke1 Rd6 49. Kd2 Kd4 50. Rb1 Rb6 51. Rxb6 axb6 52. Bf1 h6 53. a3 Bf7 54. Be2 Be6 55. Bd1 Bd7 56. Be2 Bc6 57. Bd1 Be8 58. Be2 h5 59. gxh5 Bxh5 60. Bd1 Be8 61. Be2 Bd7 62. Bd1 Bh3 63. Ba4 Bf1 64. Bc2 a4 65. Bxa4 Bxd3 66. Bc6 Bxc4 67. Ba4 Bf7 68. Bb5 Bh5 69. Bc6 Bg6 70. Bb5 Bf7 71. Bd3 Bc4 72. Bg6 Bd5 73. Bh5 Kc4 74. Kc2 e4 75. fxe4 Bxe4+ 76. Kb2 f3 77. Bf7+ Bd5 78. Bh5 f2 79. Be2+ Kd4 0-1

[Event "Oberliga NRW 1718"]
[Site "Germany"]
[Date "2017.11.19"]
[Round "3.8"]
[White "Kaeding, Rainer"]
[Black "Kraemer, Matthias"]
[Result "1/2-1/2"]
[WhiteElo "2129"]
[BlackElo "2195"]
[PlyCount "36"]
[EventDate "2017.09.17"]
[EventType "team-tourn"]
[EventRounds "9"]
[EventCountry "GER"]
[SourceTitle "EXT 2019"]
[Source "ChessBase"]
[SourceDate "2018.10.10"]
[SourceVersion "1"]
[SourceVersionDate "2018.10.10"]
[SourceQuality "1"]
[WhiteTeam "Essen Katernberg"]
[BlackTeam "Bochum SV"]
[WhiteTeamCountry "GER"]
[BlackTeamCountry "GER"]

1. e4 c5 2. Nc3 Nc6 3. g3 g6 4. Bg2 Bg7 5. d3 d6 6. Be3 Rb8 7. Qd2 b5 8. Nge2 b4 9. Nd1 Nd4 10. 0-0 Qa5 11. Nc1 e6 12. f4 Ne7 13. c3 bxc3 14. bxc3 Ndc6 15. Ne2 0-0 16. Nf2 f5 17. Rab1 Bd7 18. Rb3 Rb6 1/2-1/2

[Event "Ruhrgebiet Verbandsklasse Gruppe 2 1617"]
[Site "Germany"]
[Date "2017.02.19"]
[Round "7.1"]
[White "Beckmann, Klaus"]
[Black "Kraemer, Matthias"]
[Result "0-1"]
[WhiteElo "2167"]
[BlackElo "2192"]
[PlyCount "80"]
[EventDate "2016.09.04"]
[EventType "team-tourn"]
[EventRounds "9"]
[EventCountry "GER"]
[SourceTitle "EXT 2022"]
[Source "ChessBase"]
[SourceDate "2021.10.06"]
[SourceVersion "1"]
[SourceVersionDate "2021.10.06"]
[SourceQuality "1"]
[WhiteTeam "Recklinghausen Sued"]
[BlackTeam "Bochum SV II"]
[WhiteTeamCountry "GER"]
[BlackTeamCountry "GER"]

1. c4 e5 2. Nc3 Bb4 3. g3 Bxc3 4. bxc3 d6 5. Bg2 Ne7 6. d3 Nbc6 7. e4 0-0 8. Nh3 f5 9. exf5 Bxf5 10. Ng5 Qd7 11. 0-0 h6 12. Ne4 Bh3 13. Bxh3 Qxh3 14. Rb1 b6 15. Rb2 Kh8 16. f3 Rf7 17. Rbf2 Raf8 18. Qe2 Qe6 19. f4 Qg6 20. fxe5 Rxf2 21. Rxf2 Rxf2 22. Nxf2 Nxe5 23. d4 N5c6 24. Nd3 Qf7 25. Nf4 Kg8 26. Ne6 Ne5 27. Nxc7 Nxc4 28. Ne6 d5 29. Kg2 Nf5 30. Nf4 Nfd6 31. Bd2 Ne4 32. Be1 Qf5 33. Qf3 Kh7 34. Nd3 Qg5 35. Nf4 Kg8 36. Kg1 Qf5 37. Kg2 a5 38. h3 g5 39. Nd3 Qe6 40. g4 Ned2 0-1

[Event "Ruhrgebiet Verbandsklasse Gruppe 2 1617"]
[Site "Germany"]
[Date "2016.10.30"]
[Round "3.1"]
[White "Kraemer, Matthias"]
[Black "Grosse Frintrop, Gerd"]
[Result "1-0"]
[WhiteElo "2192"]
[BlackElo "1962"]
[PlyCount "105"]
[EventDate "2016.09.04"]
[EventType "team-tourn"]
[EventRounds "9"]
[EventCountry "GER"]
[SourceTitle "EXT 2022"]
[Source "ChessBase"]
[SourceDate "2021.10.06"]
[SourceVersion "1"]
[SourceVersionDate "2021.10.06"]
[SourceQuality "1"]
[WhiteTeam "Bochum SV II"]
[BlackTeam "Buer SF"]
[WhiteTeamCountry "GER"]
[BlackTeamCountry "GER"]

1. e4 c5 2. Nf3 d6 3. d4 cxd4 4. Nxd4 g6 5. Nc3 Bg7 6. Be2 Nf6 7. Be3 0-0 8. Qd2 Nc6 9. 0-0-0 Nxd4 10. Bxd4 Be6 11. Kb1 Rc8 12. Rhe1 a6 13. Bf1 Re8 14. f3 Qa5 15. a3 b5 16. Bxf6 exf6 17. Ne2 Qc7 18. Nd4 Bd7 19. c3 d5 20. Ne2 Qxh2 21. Nf4 a5 22. Nxd5 Bc6 23. Qf2 b4 24. cxb4 Bxd5 25. exd5 axb4 26. Rxe8+ Rxe8 27. d6 bxa3 28. d7 Rd8 29. Qb6 Rxd7 30. Rxd7 Qe5 31. Rd8+ Bf8 32. Qb4 Qxb2+ 33. Qxb2 axb2 34. Kxb2 h5 35. Rd7 Bg7 36. Bc4 Kh7 37. Bxf7 Kh6 38. f4 h4 39. Kc2 Bf8 40. Bg8 Bg7 41. Kd3 g5 42. fxg5+ fxg5 43. Ke4 Kg6 44. Kf3 Be5 45. Kg4 Bf4 46. Bh7+ Kf6 47. Bf5 Be5 48. Ra7 Bf4 49. Ra6+ Ke5 50. Re6+ Kd5 51. Rg6 Ke5 52. Rxg5 h3 53. gxh3 1-0

[Event "NRW Class1 1617"]
[Site "Germany"]
[Date "2016.10.23"]
[Round "2.7"]
[White "Jansen, Dirk Norbert"]
[Black "Kraemer, Matthias"]
[Result "1-0"]
[WhiteElo "2157"]
[BlackElo "2253"]
[PlyCount "63"]
[EventDate "2016.09.25"]
[EventType "team-tourn"]
[EventRounds "9"]
[EventCountry "GER"]
[SourceTitle "EXT 2023"]
[Source "ChessBase"]
[SourceDate "2022.10.05"]
[SourceVersion "1"]
[SourceVersionDate "2022.10.05"]
[SourceQuality "1"]
[WhiteTeam "Plettenberg"]
[BlackTeam "Bochum SV"]
[WhiteTeamCountry "GER"]
[BlackTeamCountry "GER"]

1. e4 e5 2. Nf3 Nc6 3. Bc4 Nf6 4. Ng5 d5 5. exd5 Na5 6. Bb5+ c6 7. dxc6 bxc6 8. Be2 h6 9. Nf3 e4 10. Ne5 Qd4 11. f4 Bc5 12. Rf1 Qd8 13. c3 Bd6 14. d4 exd3 15. Qxd3 Qc7 16. Nd2 0-0 17. b4 Rd8 18. Qg3 Nb7 19. Bb2 Bxe5 20. fxe5 Rxd2 21. Rxf6 Rxb2 22. Bc4 Be6 23. Rxe6 fxe6 24. 0-0-0 Rd8 25. Rxd8+ Qxd8 26. Bxe6+ Kh8 27. Kxb2 Qd2+ 28. Kb3 Qd1+ 29. Ka3 Qc1+ 30. Ka4 Qc2+ 31. Bb3 Qe2 32. Ka3 1-0

[Event "Ruhrgebiet Verbandsklasse Gruppe 2 1617"]
[Site "Germany"]
[Date "2016.09.04"]
[Round "1.1"]
[White "Kraemer, Matthias"]
[Black "Mainka, Gregor"]
[Result "1/2-1/2"]
[WhiteElo "2192"]
[BlackElo "2186"]
[PlyCount "71"]
[EventDate "2016.09.04"]
[EventType "team-tourn"]
[EventRounds "9"]
[EventCountry "GER"]
[SourceTitle "EXT 2022"]
[Source "ChessBase"]
[SourceDate "2021.10.06"]
[SourceVersion "1"]
[SourceVersionDate "2021.10.06"]
[SourceQuality "1"]
[WhiteTeam "Bochum SV II"]
[BlackTeam "Annen Sport Union"]
[WhiteTeamCountry "GER"]
[BlackTeamCountry "GER"]

1. e4 Nc6 2. d4 d5 3. exd5 Qxd5 4. Nf3 e5 5. Nc3 Bb4 6. Bd2 Bxc3 7. Bxc3 e4 8. Ne5 Nxe5 9. dxe5 Qc6 10. Qd4 Be6 11. 0-0-0 Ne7 12. Re1 Bd5 13. g4 h5 14. Be2 hxg4 15. Bxg4 Qb6 16. h4 Qxd4 17. Bxd4 Nc6 18. Bc3 Ke7 19. h5 b5 20. b3 b4 21. Bb2 Rh6 22. Rhg1 g6 23. hxg6 Rxg6 24. Bf5 Rxg1 25. Rxg1 Rh8 26. Kd2 Rh5 27. Bg4 Rg5 28. Ke3 Nxe5 29. Kf4 f6 30. Bxe5 Rxe5 31. Bf5 Be6 32. Bxe4 Ra5 33. Rg7+ Kd6 34. Rg6 Ke7 35. Rg7+ Kd6 36. Rg6 1/2-1/2

[Event "Ruhrgebiet Regionalliga 1415"]
[Site "Germany"]
[Date "2015.03.15"]
[Round "7.3"]
[White "Kraemer, Matthias"]
[Black "Hillenbrand, Michael"]
[Result "1-0"]
[WhiteElo "2194"]
[BlackElo "2097"]
[PlyCount "65"]
[EventDate "2014.09.28"]
[EventType "team-tourn"]
[EventRounds "9"]
[EventCountry "GER"]
[SourceTitle "EXT 2022"]
[Source "ChessBase"]
[SourceDate "2021.10.06"]
[SourceVersion "1"]
[SourceVersionDate "2021.10.06"]
[SourceQuality "1"]
[WhiteTeam "Bochum SV II"]
[BlackTeam "Borbeck Weisse Dame"]
[WhiteTeamCountry "GER"]
[BlackTeamCountry "GER"]

1. e4 g6 2. d4 Bg7 3. Nc3 d6 4. Be3 Nf6 5. f3 c6 6. Qd2 h5 7. 0-0-0 b5 8. Qe1 b4 9. Na4 Qa5 10. b3 Bd7 11. Bc4 0-0 12. Kb1 Na6 13. Nh3 Nc7 14. Nf4 Nb5 15. Bc1 d5 16. Bxb5 cxb5 17. Nc5 dxe4 18. fxe4 Bg4 19. Rd3 g5 20. Nh3 Rac8 21. Nxg5 e5 22. a3 Qc7 23. h3 exd4 24. axb4 a5 25. Qf2 axb4 26. Na6 Qb6 27. Nxb4 Qa5 28. hxg4 Qxb4 29. gxh5 Rfd8 30. h6 Bh8 31. h7+ Kf8 32. e5 Ra8 33. Bb2 1-0

[Event "Ruhrgebiet Regionalliga 1415"]
[Site "Germany"]
[Date "2015.01.25"]
[Round "5.2"]
[White "Schlaap, Ralf"]
[Black "Kraemer, Matthias"]
[Result "1-0"]
[WhiteElo "2100"]
[BlackElo "2194"]
[PlyCount "75"]
[EventDate "2014.09.28"]
[EventType "team-tourn"]
[EventRounds "9"]
[EventCountry "GER"]
[SourceTitle "EXT 2022"]
[Source "ChessBase"]
[SourceDate "2021.10.06"]
[SourceVersion "1"]
[SourceVersionDate "2021.10.06"]
[SourceQuality "1"]
[WhiteTeam "Hamm SV"]
[BlackTeam "Bochum SV II"]
[WhiteTeamCountry "GER"]
[BlackTeamCountry "GER"]

1. d4 Nf6 2. c4 g6 3. Nc3 Bg7 4. e4 d6 5. f3 e5 6. d5 Nh5 7. Be3 a6 8. Qd2 f5 9. exf5 gxf5 10. Bd3 0-0 11. Nge2 Nd7 12. 0-0 Ndf6 13. c5 Bd7 14. Rac1 Qe7 15. cxd6 cxd6 16. Bc4 Kh8 17. Bb3 b5 18. a4 bxa4 19. Bxa4 Rfc8 20. Ra1 a5 21. Ra3 Rc4 22. Rfa1 Rac8 23. Bxd7 Qxd7 24. Rxa5 f4 25. Bf2 e4 26. fxe4 f3 27. gxf3 Qh3 28. Ng3 Nd7 29. Qg5 Nxg3 30. Qxg3 Qh6 31. Ra8 Be5 32. Qh4 Qf8 33. Rxc8 Rxc8 34. Ra7 Qg7+ 35. Qg4 Bxc3 36. Rxd7 Qxg4+ 37. fxg4 Bxb2 38. Rxd6 1-0

[Event "Ruhrgebiet Regionalliga 1415"]
[Site "Germany"]
[Date "2014.10.26"]
[Round "2"]
[White "Schroeder, Wilfried"]
[Black "Kraemer, Matthias"]
[Result "0-1"]
[WhiteElo "2116"]
[BlackElo "2194"]
[PlyCount "86"]
[EventDate "2014.09.28"]
[EventType "team-tourn"]
[EventRounds "9"]
[EventCountry "GER"]
[SourceTitle "EXT 2022"]
[Source "ChessBase"]
[SourceDate "2021.10.06"]
[SourceVersion "1"]
[SourceVersionDate "2021.10.06"]
[SourceQuality "1"]
[WhiteTeam "Wattenscheid SV II"]
[BlackTeam "Bochum SV II"]
[WhiteTeamCountry "GER"]
[BlackTeamCountry "GER"]

1. d4 Nf6 2. c4 e6 3. Nf3 b6 4. Nc3 Bb4 5. Qb3 c5 6. a3 Ba5 7. Bg5 h6 8. Bh4 g5 9. Bg3 g4 10. Nd2 cxd4 11. Nb5 Ne4 12. Nc7+ Kf8 13. 0-0-0 Nxd2 14. Rxd2 Bxd2+ 15. Kxd2 Bb7 16. Bd6+ Kg7 17. Qg3 Nc6 18. Nxa8 Bxa8 19. Qxg4+ Kh7 20. Qf4 f5 21. Be5 Rg8 22. f3 Nxe5 23. Qxe5 Qg5+ 24. f4 Qe7 25. Qxd4 Bxg2 26. Rg1 Bc6 27. Rxg8 Kxg8 28. Kc3 Qh4 29. Qg1+ Kf7 30. Qg3 Qf6+ 31. Kc2 Qd4 32. e3 Ba4+ 33. b3 Bxb3+ 34. Kxb3 Qd1+ 35. Kc3 Qc1+ 36. Kb3 Qxf1 37. Qh4 Qd3+ 38. Kb2 Qd2+ 39. Kb1 Qxe3 40. Qxh6 Qb3+ 41. Kc1 Qxa3+ 42. Kd2 Qb2+ 43. Kd3 a5 0-1

[Event "Ruhrgebiet Regionalliga 1415"]
[Site "Germany"]
[Date "2014.09.28"]
[Round "1.2"]
[White "Kraemer, Matthias"]
[Black "Sohlmann, Jan Henning"]
[Result "1-0"]
[WhiteElo "2194"]
[BlackElo "2169"]
[PlyCount "101"]
[EventDate "2014.09.28"]
[EventType "team-tourn"]
[EventRounds "9"]
[EventCountry "GER"]
[SourceTitle "EXT 2022"]
[Source "ChessBase"]
[SourceDate "2021.10.06"]
[SourceVersion "1"]
[SourceVersionDate "2021.10.06"]
[SourceQuality "1"]
[WhiteTeam "Bochum SV II"]
[BlackTeam "Welper SV"]
[WhiteTeamCountry "GER"]
[BlackTeamCountry "GER"]

1. e4 d5 2. exd5 Qxd5 3. Nc3 Qa5 4. d4 c6 5. Bc4 Bf5 6. Bd2 Nf6 7. Qe2 e6 8. d5 cxd5 9. Nxd5 Qd8 10. Nxf6+ Qxf6 11. 0-0-0 Nc6 12. Bc3 Qh6+ 13. Kb1 Bb4 14. Bxb4 Nxb4 15. Bb5+ Kf8 16. Ba4 Rc8 17. Qd2 Qxd2 18. Rxd2 b5 19. a3 bxa4 20. axb4 Ke7 21. Ne2 Rc4 22. Nd4 Bg6 23. Rhd1 e5 24. Nb5 Rxb4 25. Nc7 Rc4 26. Rd7+ Kf6 27. Nd5+ Kg5 28. Rd2 Rhc8 29. Ne3 Rb4 30. Ka2 Rcb8 31. c3 R4b7 32. Rxb7 Rxb7 33. Ka3 f5 34. Kxa4 Bf7 35. c4 f4 36. Nd5 Kf5 37. b4 e4 38. c5 Rd7 39. c6 Rxd5 40. c7 Rxd2 41. c8Q+ Kg5 42. Qf8 Bg6 43. g3 fxg3 44. fxg3 Bf5 45. Qxg7+ Kh5 46. g4+ Bxg4 47. Qxh7+ Kg5 48. h4+ Kf4 49. Qh6+ Kf3 50. Qxd2 e3 51. Qe1 1-0

[Event "Ruhrgebiet Regionalliga 1314"]
[Site "Ruhrgebiet"]
[Date "2013.12.01"]
[Round "4.3"]
[White "Kraemer, Matthias"]
[Black "Limbourg, Philipp"]
[Result "1/2-1/2"]
[WhiteElo "2187"]
[BlackElo "2096"]
[PlyCount "44"]
[EventDate "2013.09.22"]
[EventType "team-tourn"]
[EventRounds "9"]
[EventCountry "GER"]
[SourceTitle "EXT 2024"]
[Source "ChessBase"]
[SourceDate "2023.10.10"]
[SourceVersion "1"]
[SourceVersionDate "2023.10.10"]
[SourceQuality "1"]
[WhiteTeam "Bochum II"]
[BlackTeam "Muelheim Nord III"]
[WhiteTeamCountry "GER"]
[BlackTeamCountry "GER"]

1. e4 c5 2. Nf3 e6 3. d4 cxd4 4. Nxd4 Qb6 5. Nc3 Bc5 6. Na4 Qa5+ 7. c3 Bxd4 8. Qxd4 Nf6 9. Nc5 0-0 10. f3 Nc6 11. Qf2 d5 12. Bg5 Nd7 13. Nb3 Qc7 14. exd5 exd5 15. Be2 Re8 16. 0-0 Nde5 17. Rad1 Nc4 18. Rxd5 Nxb2 19. Bb5 Be6 20. Rc5 Qd6 21. Qg3 Qxg3 22. hxg3 a6 1/2-1/2

[Event "BL2-West 1314"]
[Site "Germany"]
[Date "2013.11.24"]
[Round "3.7"]
[White "Braun, Christian"]
[Black "Kraemer, Matthias"]
[Result "1-0"]
[WhiteElo "2367"]
[BlackElo "2237"]
[PlyCount "57"]
[EventDate "2013.10.13"]
[EventType "team-tourn"]
[EventRounds "9"]
[EventCountry "GER"]
[SourceTitle "EXT 2015"]
[Source "ChessBase"]
[SourceDate "2014.11.20"]
[SourceVersion "1"]
[SourceVersionDate "2014.11.20"]
[SourceQuality "1"]
[WhiteTeam "Aachen Aufwaerts"]
[BlackTeam "Bochum SV 02"]
[WhiteTeamCountry "GER"]
[BlackTeamCountry "GER"]

1. e4 c5 2. b3 Nc6 3. Bb2 e6 4. Nc3 a6 5. Nf3 d5 6. exd5 exd5 7. Qe2+ Be6 8. 0-0-0 Nf6 9. Ng5 Nd4 10. Qe1 h6 11. Nxe6 Nxe6 12. d4 cxd4 13. Ne2 Qb6 14. Nxd4 Bc5 15. f3 0-0-0 16. Nf5 Rde8 17. Qh4 Bf2 18. g3 Be3+ 19. Kb1 Bg5 20. Qh3 g6 21. Nd4 Kb8 22. Nxe6 Rxe6 23. f4 Ne4 24. Bd4 Qxd4 25. Rxd4 Bf6 26. Rxe4 dxe4 27. Bc4 Rd6 28. Rc1 Rd2 29. g4 1-0

[Event "Ruhrgebiet Verbandsliga1 1213"]
[Site "Nordrheinwestfalen"]
[Date "2013.02.24"]
[Round "7"]
[White "Huettemann, Karl Heinz"]
[Black "Kraemer, Matthias"]
[Result "1/2-1/2"]
[WhiteElo "2070"]
[BlackElo "2191"]
[PlyCount "35"]
[EventDate "2012.09.02"]
[EventType "team-tourn"]
[EventRounds "9"]
[EventCountry "GER"]
[SourceTitle "EXT 2020"]
[Source "ChessBase"]
[SourceDate "2019.10.17"]
[SourceVersion "1"]
[SourceVersionDate "2019.10.17"]
[SourceQuality "1"]
[WhiteTeam "Dortmund SV"]
[BlackTeam "Bochum SV II"]
[WhiteTeamCountry "GER"]
[BlackTeamCountry "GER"]

1. c4 g6 2. Nc3 Bg7 3. g3 d6 4. Bg2 c5 5. e3 Nc6 6. Nge2 h5 7. h3 Bf5 8. e4 Bd7 9. d3 Qc8 10. Bg5 f6 11. Be3 e5 12. Nd5 Nge7 13. Nxe7 Nxe7 14. Nc3 Qc6 15. Qd2 Nf5 16. Nd5 Nxe3 17. Qxe3 Be6 18. 0-0 1/2-1/2

[Event "BL2-West 1112"]
[Site "Germany"]
[Date "2011.11.20"]
[Round "3.8"]
[White "Huhndorf, Arnold"]
[Black "Kraemer, Matthias"]
[Result "1-0"]
[WhiteElo "2277"]
[BlackElo "2258"]
[PlyCount "78"]
[EventDate "2011.10.02"]
[EventType "team-tourn"]
[EventRounds "9"]
[EventCountry "GER"]
[SourceTitle "EXT 2015"]
[Source "ChessBase"]
[SourceDate "2014.11.20"]
[SourceVersion "1"]
[SourceVersionDate "2014.11.20"]
[SourceQuality "1"]
[WhiteTeam "Koeln SF"]
[BlackTeam "Bochum"]
[WhiteTeamCountry "GER"]
[BlackTeamCountry "GER"]

1. Nf3 g6 2. c4 Bg7 3. Nc3 c5 4. g3 d6 5. Bg2 Nc6 6. 0-0 Nh6 7. d4 cxd4 8. Bxh6 Bxh6 9. Nxd4 Bd7 10. c5 dxc5 11. Nxc6 bxc6 12. Na4 Qc7 13. Nxc5 Rd8 14. Qa4 0-0 15. Rad1 Bf5 16. b4 Bd2 17. Bxc6 Qe5 18. Bd7 Qxe2 19. Bxf5 gxf5 20. Qc2 Rd5 21. Rfe1 Qxe1+ 22. Rxe1 Bxe1 23. Nd3 Bxf2+ 24. Nxf2 Rfd8 25. a4 e6 26. Qc7 R8d7 27. Qc3 h5 28. b5 Kh7 29. Kg2 e5 30. Kh3 e4 31. Qe3 Kg6 32. Kh4 f6 33. Nh3 Rd2 34. Nf4+ Kh7 35. h3 Rh2 36. Nxh5 Kg6 37. Qc3 Rf7 38. Qc8 Kh7 39. Qxf5+ Kh6 1-0